00430nam a2200133Ia 450000500170000000800410001702000150005808200130007310000190008624500860010526000350019130000130022650000570023920241021014727.0240331s9999 xx 000 0 und d a9559055208 bSIRa821 aSiriwardena, R 4aThe end of a golden string :ban introduction to romantic poetry and an anthology aSri LankabThe British Council a144 p ., aAn Introduction to Romantic Poetry and an Anthology.